FC Bayern München Squad 2018/19 - Statistics

General Stats
  • This quiz has been taken 414 times
  • The average score is 17 of 23
Answer Stats
# Position Players Nationality Date of Birth (Age) % Correct
1 Goalkeeper Manuel Neuer German Mar 27, 1986 (32)
100%
27 Left-Back David Alaba Austrian Jun 24, 1992 (26)
91%
9 Centre-Forward Robert Lewandowski Polish Aug 21, 1988 (30)
91%
32 Right-Back Joshua Kimmich German Feb 8, 1995 (23)
89%
25 Second Striker Thomas Müller German Sep 13, 1989 (29)
87%
17 Centre-Back Jérôme Boateng German Sep 3, 1988 (30)
86%
7 Left Winger Franck Ribéry French Apr 7, 1983 (35)
85%
29 Left Winger Kingsley Coman French Jun 13, 1996 (22)
85%
10 Right Winger Arjen Robben Dutch Jan 23, 1984 (34)
84%
11 Attacking Midfield James Rodríguez Colombian Jul 12, 1991 (27)
81%
5 Centre-Back Mats Hummels German Dec 16, 1988 (29)
80%
6 Central Midfield Thiago Spanish Apr 11, 1991 (27)
80%
4 Centre-Back Niklas Süle German Sep 3, 1995 (23)
76%
22 Left Winger Serge Gnabry German Jul 14, 1995 (23)
76%
8 Defensive Midfield Javi Martínez Spanish Sep 2, 1988 (30)
75%
26 Goalkeeper Sven Ulreich German Aug 3, 1988 (30)
75%
18 Central Midfield Leon Goretzka German Feb 6, 1995 (23)
73%
24 Central Midfield Corentin Tolisso French Aug 3, 1994 (24)
69%
13 Right-Back Rafinha Brazilian Sep 7, 1985 (33)
66%
35 Central Midfield Renato Sanches Portuguese Aug 18, 1997 (21)
63%
2 Centre-Forward Sandro Wagner German Nov 29, 1987 (30)
36%
36 Goalkeeper Christian Früchtl German Jan 28, 2000 (18)
27%
39 Goalkeeper Ron-Thorben Hoffmann German Apr 4, 1999 (19)
16%
No matching quizzes found
Score Distribution
Percent of People with Each Score
Percentile by Number Answered
Your Score History
You have not taken this quiz